03869cam a22017294i 4500003000900000005001700009008004100026020001800067035002700085040003300112082002100145100002800166245011300194264003400307300005500341336002100396337002500417338002300442504006400465505038400529526000900913526000900922526001000931526001000941526001000951526001000961526001000971526001000981526001000991526001001001526001001011526001001021526001001031526001001041526001001051526001001061526001001071526001001081526001001091526001001101526001001111526001001121526001001131526001001141526001001151526001001161526001001171526001001181526001001191526001001201526001001211526001001221526001001231526001001241526001001251526001001261526001001271526001001281526001001291526001001301526001001311526001001321526001001331526001001341526001001351526001001361526001001371526000901381526000901390526000901399526000901408526000901417526000901426526000901435526000901444526000901453526000901462526000901471526000901480526000901489526000901498526000901507526000901516526000901525526000901534526000901543526000901552526000901561526000901570526000901579526000901588526000901597526000901606526000901615526000901624526000901633526000901642526000901651526000901660526001001669526000901679526000901688526000901697526000901706526000901715526000901724526000901733526000801742526000801750526000801758526000801766526000801774526000801782526000801790526000801798526000801806526000801814526000801822526000801830526000801838526000801846526000901854526000801863526000801871526000801879526000801887526000801895526000901903526000801912526000801920526000801928526000801936526000801944526000901952526000801961526000801969526000901977526000801986526000801994526000802002526000802010541001602018541001702034541001702051650004102068650003002109PE-LiUPU20250813165712.0150625s                r     000 0     d  a9789701513675  a(Sirsi) i9789701513675  aPE-LiUPUbspacPE-LiUPUerda04a658.202bR472211 aVan Hoff, Bart,eautor.10aProducción más limpia :bparadigma de gestión ambiental /cBart van Hoff, Néstor Monroy y Alex Saer. 1aMéxico :bAlfaomega,c2008.  a280 páginas :bilustraciones ;c24 centímetros  atext2rdacontent  aunmediated2rdamedia  avolume2rdacarrier  aIncluye bibliografía al final de los capítulos del 1-8.0 aAntecedentes de la producción más limpia. -PML como estrategia de competitividad. -Mercados verdes. -Producción más limpia y sistemas de gestión. -Herramientas de la producción más limpia. -Costos de ineficiencia. -La herramienta de análisis de ciclo de vida. -Buenas prácticas. -Metodología de aplicación de PLM. -Dinámica de producción más limpia. .  aP203  aP200  aSEG65  aSEG64  aSEG63  aSEG62  aSEG61  aSEG60  aSEG59  aSEG58  aSEG57  aSEG56  aSEG55  aSEG54  aSEG53  aSEG52  aSEG51  aSEG50  aSEG49  aSEG48  aSEG47  aSEG46  aSEG24  aSEG23  aSEG22  aSEG21  aSEG20  aSEG19  aSEG18  aSEG17  aSEG16  aSEG14  aSEG13  aSEG12  aSEG11  aSEG10  aSEG09  aSEG06  aSEG05  aSEG04  aSEG03  aSEG02  aSEG68  aSEG66  aSEG45  aSEG25  aSEG01  aP163  aP162  aP161  aP160  aP159  aP158  aP157  aP156  aP155  aP154  aP153  aP152  aP151  aP150  aP149  aP142  aP141  aP140  aP139  aP138  aP137  aP132  aP131  aP130  aP126  aP125  aP124  aP123  aP115  aP122  aP121  aP116  a P114  aP112  aP111  aP104  aP103  aP102  aP101  aP100  aP96  aP95  aP93  aP92  aP91  aP88  aP83  aP82  aP79  aP78  aP75  aP74  aP71  aP69  a P51  aP49  aP48  aP47  aP33  aP31  a P30  aP29  aP27  aP26  aP25  aP24  a P22  aP10  aP09  a P08  aP06  aP05  aP04  aP01  g003-001004;  g001-0035385;  g015-0014331;04aMantenimiento industrial (Limpieza).04aMantenimiento industrial.